[Event "ESP-ch U10 rapid"]
[Site "Salobrena"]
[Date "2024.07.06"]
[Round "2"]
[White "Boluda Costa, Julen"]
[Black "Angola Barrios, Yoel"]
[Result "1-0"]
[WhiteElo "1698"]
[BlackElo "1507"]
[PlyCount "59"]
[EventDate "2024.07.06"]
[EventType "swiss (rapid)"]
[EventRounds "9"]
[EventCountry "ESP"]
[SourceTitle "EXT 2025"]
[Source "ChessBase"]
[SourceDate "2024.10.14"]
[SourceVersion "1"]
[SourceVersionDate "2024.10.14"]
[SourceQuality "1"]

1. Nf3 d5 2. g3 Nc6 3. d4 Nf6 4. Bg2 Bg4 5. 0-0 Bxf3 6. Bxf3 e6 7. c4 Bd6 8. Qb3 Be7 9. cxd5 exd5 10. Qxb7 Nxd4 11. Bf4 Nc2 12. Qc6+ Nd7 13. Qxc2 0-0 14. Bxd5 Nb6 15. Be4 Rc8 16. Bxh7+ Kh8 17. Be4 g6 18. Bb7 Rb8 19. Bxc7 Qd7 20. Rd1 Qxd1+ 21. Qxd1 Rxb7 22. Bf4 Nc4 23. Qd4+ Kg8 24. Bh6 Ne5 25. Qxe5 f6 26. Qd5+ Kh7 27. Bxf8 Bxf8 28. Qxb7+ Kg8 29. Nd2 Bh6 30. Nb3 1-0

[Event "ESP-ch U10"]
[Site "Salobrena"]
[Date "2024.07.03"]
[Round "4"]
[White "Perez Ruiz, Diego"]
[Black "Angola Barrios, Yoel"]
[Result "1-0"]
[WhiteElo "1674"]
[BlackElo "1507"]
[PlyCount "101"]
[EventDate "2024.07.01"]
[EventType "swiss"]
[EventRounds "9"]
[EventCountry "ESP"]
[SourceTitle "EXT 2025"]
[Source "ChessBase"]
[SourceDate "2024.10.14"]
[SourceVersion "1"]
[SourceVersionDate "2024.10.14"]
[SourceQuality "1"]

1. e4 e5 2. Nf3 Nc6 3. Bb5 d6 4. 0-0 Bd7 5. Nc3 Nf6 6. Re1 Be7 7. d3 0-0 8. Ne2 Bg4 9. Ng3 Bxf3 10. gxf3 Nd4 11. Bc4 b5 12. Bb3 Qd7 13. Kg2 a5 14. c3 Nxb3 15. axb3 Ne8 16. b4 a4 17. c4 bxc4 18. dxc4 Bh4 19. b5 Bxg3 20. hxg3 Qe6 21. Rxa4 Rxa4 22. Qxa4 Nf6 23. Qc2 Nh5 24. Rh1 Qg6 25. Rh4 Nf4+ 26. Bxf4 exf4 27. Rxf4 Re8 28. Qa4 h6 29. b6 f6 30. b7 Rb8 31. Qa7 Qe8 32. Rf5 Kf7 33. Ra5 g5 34. Qa8 Rxa8 35. bxa8Q Qxa8 36. Rxa8 Ke6 37. Re8+ Kf7 38. Rc8 c5 39. Rc7+ Ke6 40. Rh7 h5 41. f4 gxf4 42. gxf4 f5 43. Rh6+ Kd7 44. exf5 Ke7 45. f6+ Kf7 46. Kf3 h4 47. Ke4 Ke6 48. f5+ Kf7 49. Kd5 h3 50. Rxh3 Kxf6 51. Ke4 1-0